Informe anual de la Comisión Interamericana de Derechos Humanos
Guardado en:
| 企业作者: | |
|---|---|
| 格式: | 图书 |
| 语言: | Spanish |
| 主题: | |
| 标签: |
添加标签
没有标签, 成为第一个标记此记录!
|
MARC
| LEADER | 00000nam a22000007a 4500 | ||
|---|---|---|---|
| 003 | cru CRAI/IIS | ||
| 005 | 20220120062543.0 | ||
| 008 | 220119b wau||||| |||| 00| 0 spa d | ||
| 040 | |c cru CRAI/IIS | ||
| 090 | |a REV0560 | ||
| 110 | 1 | |9 10067 |a Organización de los Estados Americanos. Comisión Internamericana de Derechos Humanos | |
| 245 | |a Informe anual de la Comisión Interamericana de Derechos Humanos | ||
| 310 | |a Anual | ||
| 650 | 0 | |9 38 |a DERECHOS HUMANOS | |
| 650 | 0 | |9 7386 |a VIOLACION A LOS DERECHOS HUMANOS | |
| 650 | 0 | |a CRIMENES DE GUERRA |9 7141 | |
| 650 | 0 | |9 133 |a VIOLENCIA | |
| 650 | 0 | |9 3201 |a NIÑOS | |
| 650 | 0 | |9 3232 |a JOVENES | |
| 650 | 0 | |9 4512 |a ADULTOS | |
| 651 | 0 | |9 17 |a AMERICA LATINA | |
| 942 | |2 z |c PP | ||
| 999 | |c 44051 |d 44051 | ||
